| 000 | 00000nam##2200000za#4500 |
| 001 | 9.572142 |
| 003 | CaOODSP |
| 005 | 20231208112823 |
| 007 | cr ||||||||||| |
| 008 | 150406|2009||||xxc|||||o f|0| 0 eng|d |
| 040 | |aCaOODSP|beng |
| 043 | |an-cn--- |
| 086 | 1 |aPS83-6/44E-PDF |
| 110 | 1 |aCorrectional Service Canada. |bResearch Branch. |
| 245 | 10|aPrograms delivered at reception centres : |h[electronic resource]|bdo they promote reintegration goals? / |c[by] Lynn Stewart & Collette Cousineau. |
| 260 | |aOttawa - Ontario : |bCorrectional Service Canada. |cJune 2009. |
| 300 | |a26p.|breferences, tables |
| 490 | 1 |aResearch brief|vNo. B-44 |
| 590 | |a11-28-Supp|b2011-11-17 |
| 720 | 1 |aCousineau, Colette |
| 720 | 1 |aStewart, Lynn |
| 775 | 08|tLes programmes offerts dans les centres de réception : |w(CaOODSP)9.602553 |
| 830 | #0|aResearch brief (Correctional Service Canada)|vNo. B-44|w(CaOODSP)9.506656 |
| 856 | 40|ahttp://publications.gc.ca|qPDF|s154 KB|uhttps://publications.gc.ca/collections/collection_2011/scc-csc/PS83-6-44-eng.pdf|yNo. B-44 |